000 00648nam a2200217Ia 4500
003 GCL
008 140319s9999 xx 000 0 ara d
040 _aGCL /
_cGCL
082 0 4 _a301.242
_bم ب
100 1 _aمحمد سعيد فرح
245 1 0 _aالبناء الاجتماعى والشخصية /
_cمحمد سعيد فرح
260 _a[S.N] :
_bدار المعرفة الجامعية ،
_c1989
300 _a469 ص
490 _a
650 0 4 _aالمجتمع
650 0 4 _aالشخصية
650 0 4 _aالاجتماع
650 0 4 _aالسلوك الاجتماعى
650 0 4 _aالبناء الاجتماعى
942 _2ddc
_cBK
999 _c27650
_d27650